Southville International School and Colleges
Your cart is empty.
  • Cart
  • Lists
    Public lists Eva Luna New books Lux_list list_1
    Your lists Log in to create your own lists
  • Log in to your account
  • Your cookies
  • Search history
Southville International School and Colleges
  • Advanced search
  • Recent comments
  • Most popular
  • Libraries

Log in to your account

Log in with GOOGLE


If you do not have an external account, but do have a local account, you can still log in:

  1. Home
  2. MARC view: Divine wind :
Normal view MARC view ISBD view

Divine wind : (Record no. 305955)

[ view plain ]
MARC details
000 -LEADER
fixed length control field 00567nam a2200217Ia 4500
008 - FIXED-LENGTH DATA ELEMENTS--GENERAL INFORMATION
fixed length control field 170203s9999 xx 000 0 und d
020 ## - INTERNATIONAL STANDARD BOOK NUMBER
International Standard Book Number 9780195149418
050 ## - LIBRARY OF CONGRESS CALL NUMBER
Classification number 551.552
050 ## - LIBRARY OF CONGRESS CALL NUMBER
Item number Em112d
100 ## - MAIN ENTRY--PERSONAL NAME
Personal name  Emanuel, Kerry A.
245 ## - TITLE STATEMENT
Title Divine wind :
245 ## - TITLE STATEMENT
Remainder of title the history and science of hurricanes /
245 ## - TITLE STATEMENT
Statement of responsibility, etc Kerry A Emanuel.
260 ## - PUBLICATION, DISTRIBUTION, ETC. (IMPRINT)
Place of publication, distribution, etc Oxford ;
260 ## - PUBLICATION, DISTRIBUTION, ETC. (IMPRINT)
Name of publisher, distributor, etc Oxford University Press.
300 ## - PHYSICAL DESCRIPTION
Extent x, 285 pages :
300 ## - PHYSICAL DESCRIPTION
Other physical details illustrations (some color) ;
300 ## - PHYSICAL DESCRIPTION
Dimensions 29 cm.
650 ## - SUBJECT ADDED ENTRY--TOPICAL TERM
Topical term or geographic name as entry element Hurricanes --
650 ## - SUBJECT ADDED ENTRY--TOPICAL TERM
General subdivision History.
Holdings
Withdrawn status Lost status Damaged status Home library Current library Shelving location Date acquired Total Checkouts Full call number Barcode Date last seen Price effective from Koha item type
      Stonyhurst Southville International School (Batangas) Stonyhurst Southville International School (Batangas)   02/03/2017   551.552 Em112d US- 1115 02/03/2017 02/03/2017 Books

Divine wind :

APA

Emanuel, .Divine wind. Oxford: .

Chicago

Emanuel, .Divine wind. Oxford: .

Harvard

Emanuel, .Divine wind. Oxford: .

MLA

Emanuel, .Oxford: . .

  • Place hold
  • Print
  • Cite
  • Add to your cart (remove)
  • Save record
    BIBTEX Dublin Core MARCXML MARC (non-Unicode/MARC-8) MARC (Unicode/UTF-8) MARC (Unicode/UTF-8, Standard) MODS (XML) RIS
  • More searches
    Search for this title in:
    Other Libraries (WorldCat) Other Databases (Google Scholar) Online Stores (Bookfinder.com) Open Library (openlibrary.org)

Exporting to Dublin Core...

SOUTHVILLE LIBRARY

Southville International School and Colleges Library

1281 Tropical Ave. Cor. Luxembourg St., BF Homes International, Las Pinas City

Tel. No. 8256374 / 252358 Loc. 117/146

Powered by Koha